000 00481nam a2200157 4500
001 131500
003 ES-MaACL
005 20230906194008.0
007 t|
008 070214s1982 sp r ||||1| spa d
100 1 _aRodríguez Alcaide, José Javier.
_998324
245 1 0 _aAndalucía ...
_b: y ahora, ¿qué? /
_cJosé Javier Rodríguez Alcaide.
260 _aCórdoba :
_b[s.n.],
_c1982 (
_fTip. Católica)
300 _a157 p. ;
_c19 cm.
852 _aES-MaACL
_jL-1691
_bR.102709
999 _c131500
_d131500